Slayground / (Record no. 25363)

MARC details
000 -LEADER
fixed length control field 01247ngm a2200277 4500
003 - CONTROL NUMBER IDENTIFIER
control field dpl
005 - DATE AND TIME OF LATEST TRANSACTION
control field 20090318145252.0
007 - PHYSICAL DESCRIPTION FIXED FIELD--GENERAL INFORMATION
fixed length control field DVD
008 - FIXED-LENGTH DATA ELEMENTS--GENERAL INFORMATION
fixed length control field ||||||sp199 xxu|||||c ||| 00| 0 ng d
010 ## - LIBRARY OF CONGRESS CONTROL NUMBER
LC control number DVD-001821-1822
024 ## - OTHER STANDARD IDENTIFIER
Standard number or code VENF 0067
Terms of availability 49.00
035 ## - SYSTEM CONTROL NUMBER
System control number DVD-001821-1822
040 ## - CATALOGING SOURCE
Original cataloging agency DPL
Transcribing agency DPL
082 ## - DEWEY DECIMAL CLASSIFICATION NUMBER
Classification number DVD / SLAY
245 ## - TITLE STATEMENT
Title Slayground /
Statement of responsibility, etc Indus Video Presents
Medium [videorecording] DVD/
260 ## - PUBLICATION, DISTRIBUTION, ETC. (IMPRINT)
Name of publisher, distributor, etc Moserbaer Entertainment
300 ## - PHYSICAL DESCRIPTION
Extent 1 videodisc VCD;
Other physical details sd., col. ;
Dimensions 4 3/4 in.
Type of unit VCD
440 ## - SERIES STATEMENT/ADDED ENTRY--TITLE
Title Moserbaer Home Entertainment
500 ## - GENERAL NOTE
General note Moserbaer India Ltd. has obtained the necessary licence/conssent from the owner of the copyright in the wroks for making this DVD Film.
538 ## - SYSTEM DETAILS NOTE
System details note Dolby Digital 5.1 -English Subtitles: English
650 ## - SUBJECT ADDED ENTRY--TOPICAL TERM
Topical term or geographic name as entry element Motion Picture
942 ## - ADDED ENTRY ELEMENTS (KOHA)
Koha item type CD-ROMs, DVDs, VHS
Source of classification or shelving scheme Dewey Decimal Classification
Classification part DVD
Call number suffix SLAY
Holdings
Withdrawn status Lost status Source of classification or shelving scheme Damaged status Not for loan Home library Current library Date acquired Source of acquisition Cost, normal purchase price Total Checkouts Full call number Barcode Date last seen Date checked out Copy number Cost, replacement price Price effective from Koha item type
    Dewey Decimal Classification     Central Library Central Library 18/03/2009 Purchase 49.00 3 DVD SLAY DVD-001821 02/12/2009 18/11/2009 1 49.00 18/03/2009 CD-ROMs, DVDs, VHS
    Dewey Decimal Classification     Sarojini Nagar Sarojini Nagar 18/03/2009 Purchase 49.00 3 DVD SLAY DVD-001822 25/07/2015 11/07/2015 1 49.00 18/03/2009 CD-ROMs, DVDs, VHS

© Delhi Public Library
Hit Counter
free hit counter